banner-ar

REDEFUNING THE EGYPTIAN NATION 1930 - 1945 / (Record no. 13297)

MARC details
000 -الفاتح
حقل البيانات ثابتة الطول 00526nam a2200169Ia 4500
008 - عناصر البيانات ثابتة الطول - معلومات عامة
حقل البيانات ثابتة الطول 140319s9999 xx 000 0 eng d
040 ## - مصدر الفهرسة
وكالة الفهرسة الأصلية GCL /
وكالة النسخ GCL
082 04 - رقم تصنيف ديوى العشرى
رقم التصنيف 320.540962
رقم المادة G R
100 1# - المدخل الرئيسى - إسم شخصى
الإسم الشخصى GERSHONI, ISRAEL
245 10 - بيان العنوان
العنوان REDEFUNING THE EGYPTIAN NATION 1930 - 1945 /
بيان المسئوليه,etc GERSHONI, ISRAEL
700 1# - المدخل الاضافى - اسم شخصى
الإسم الشخصى PANKOWSKI, JAMES P
260 ## - PUBLICATION, DISTRIBUTION, ETC. (IMPRINT)
تاريخ النشر أو التوزيع 1995
650 04 - المدخل الاضافى بالموضوع-مصطلح موضوعى
مصطلح موضوعي NATIONALISM-EGYPT-HISTORY-20TH
650 04 - المدخل الاضافى بالموضوع-مصطلح موضوعى
مصطلح موضوعي EGYPT - POLITICS AND GOVERNMENT - 1952
942 ## - عناصر المدخل الإضافي( كوها)
مصدر التصنيف او مخطط الترفيف Dewey Decimal Classification
Koha [default] item type كتاب
260 ## - PUBLICATION, DISTRIBUTION, ETC. (IMPRINT)
-- [S.N] :
-- CAMBRIDGE MIDDLE EAST STUDIES 2 ،
Holdings
حالة التراجع حالة الفقد حالة تلف ليس للاعارة المكان المؤقت الموقع الحالى تاريخ الاكتساب اجمالي اﻻعارات رقم الطلب الباركود تاريخ اخر مشاهدة تاريخ تفعيل السعر نوع وعاء كوها
        مكتبة القاهرة الكبرى مكتبة القاهرة الكبرى 03/26/2014   320.540962\G R 25531 03/26/2014 03/26/2014 كتاب

Powered By

EGPV